Loading...
| Arts - Music | 4 | 17.50 | 100% | 25% | 50% |
| Arts - Other Arts | 3 | 13.33 | 67% | 67% | 0% |
| Arts - Painting | 4 | 22.50 | 100% | 75% | 50% |
| History - American History | 8 | 22.50 | 100% | 75% | 50% |
| History - European | 7 | 21.43 | 86% | 71% | 57% |
| History - Other History | 2 | 20.00 | 100% | 100% | 0% |
| History - World | 1 | 20.00 | 100% | 100% | 0% |
| History - World History | 5 | 22.00 | 100% | 100% | 20% |
| Literature - American Lit | 2 | 15.00 | 100% | 50% | 0% |
| Literature - British Lit | 5 | 14.00 | 100% | 40% | 0% |
| Literature - European Lit | 3 | 20.00 | 100% | 67% | 33% |
| Literature - World | 1 | 20.00 | 100% | 100% | 0% |
| Literature - World Lit | 6 | 20.00 | 83% | 67% | 50% |
| Mythology | 3 | 16.67 | 100% | 67% | 0% |
| NA | 1 | 20.00 | 100% | 0% | 100% |
| Other - Geo/CE | 5 | 14.00 | 100% | 20% | 20% |
| Other Academic | 5 | 14.00 | 100% | 40% | 0% |
| Pop Culture | 5 | 4.00 | 0% | 20% | 20% |
| Religion | 5 | 12.00 | 80% | 40% | 0% |
| Science - Biology | 7 | 22.86 | 100% | 100% | 29% |
| Science - Chemistry | 6 | 16.67 | 67% | 83% | 17% |
| Science - Engineering | 1 | 30.00 | 100% | 100% | 100% |
| Science - Other Science | 5 | 20.00 | 100% | 100% | 0% |
| Science - Physics | 3 | 23.33 | 67% | 100% | 67% |
| Thought - Philosophy | 6 | 16.67 | 100% | 50% | 17% |
| Thought - Social Science | 4 | 15.00 | 50% | 100% | 0% |